[Event "TORO 2016 (B)"]
[Site "Gatineau"]
[Date "2016.06.04"]
[Round "3"]
[White "Orozco, Joey"]
[Black "Lavergne, Daniel"]
[Result "1-0"]
[BlackElo "1823"]
[EventDate "2016.06.04"]
[WhiteElo "1721"]

1.c4 Nf6 2.Nc3 e6 3.e4 e5 4.a3 a5 5.Nge2 Bc5 6.d4 exd4 7.Nxd4 d6 8.f3 h6
9.Be3 O-O 10.Qd2 Nc6 11.Nxc6 Bxe3 12.Qxe3 bxc6 13.Rd1 Qe7 14.Be2 Rd8 15.Kf2
Be6 16.Rd2 Nd7 17.f4 Nb6 18.b3 a4 19.f5 Bc8 20.b4 Re8 21.Qf4 Qe5 22.Qxe5 Rxe5
23.Rhd1 Ba6 24.b5 cxb5 25.cxb5 Bb7 26.Rd4 Rae8 27.Bd3 Kf8 28.g4 Ke7 29.Nxa4
Nxa4 30.Rxa4 Kf6 31.Rc1 Bxe4 32.Bxe4 Rxe4 33.Rxe4 Rxe4 34.Rxc7 Rxg4 35.b6
Rf4+ 36.Ke3 Rf1 37.Rc4 Re1+ 38.Kf2 Re8 39.b7 Rb8 40.Rb4 Ke7 41.a4 Kd7 42.a5
Kc7 43.a6 d5 44.Ra4 Re8 45.Rb4 Kb8 46.Rb6 Ka7 47.Rc6 Re4 48.Rc8 1-0

[Event "TORO 2016 (B)"]
[Site "Gatineau"]
[Date "2016.06.04"]
[Round "3"]
[White "Scantland, Patrick"]
[Black "Lecorre, Joël"]
[Result "1-0"]
[BlackElo "1738"]
[EventDate "2016.06.04"]
[WhiteElo "1831"]

1.d4 Nf6 2.c4 e5 3.dxe5 Ng4 4.Nf3 Bc5 5.e3 Nc6 6.Nc3 Ngxe5 7.Be2 d6 8.O-O a6
9.Nd4 Bd7 10.a3 O-O 11.Nd5 Ne7 12.b4 Nxd5 13.cxd5 Bb6 14.Bb2 c6 15.dxc6 Nxc6
16.Qd3 Ne5 17.Qd2 Rc8 18.Rfd1 Ba4 19.Rdc1 Qd7 20.h3 Rc7 21.Rxc7 Bxc7 22.Nf3
Bc6 23.Nd4 Be4 24.f4 Nc6 25.Rc1 Bb6 26.Bf3 f5 27.Bxe4 fxe4 28.Nxc6 bxc6
29.Rc4 d5 30.Rxe4 Qf5 31.Re7 Rf7 32.Rxf7 Qxf7 33.Bd4 Bc7 34.Qc2 Qe6 35.Qa4
Qe4 36.Qxc6 Bxf4 37.Qc8+ 1-0

[Event "TORO 2016 (B)"]
[Site "Gatineau"]
[Date "2016.06.04"]
[Round "3"]
[White "Mcleod, Jack"]
[Black "Relyea, F. Alexander"]
[Result "1-0"]
[BlackElo "1800"]
[EventDate "2016.06.04"]
[WhiteElo "1655"]

1.d4 e6 2.c4 c6 3.Nf3 d5 4.Nc3 dxc4 5.e3 b5 6.a4 b4 7.Ne4 Nf6 8.Nxf6+ Qxf6
9.Bxc4 a5 10.O-O Bb7 11.e4 Nd7 12.Bg5 Qg6 13.Re1 f6 14.Bf4 Qf7 15.e5 f5
16.Ng5 Qg6 17.Nxe6 c5 18.d5 Rc8 19.Re3 Nb6 20.Bb5+ Ke7 21.Rg3 1-0

[Event "TORO 2016 (B)"]
[Site "Gatineau"]
[Date "2016.06.04"]
[Round "3"]
[White "Xu, Daniel"]
[Black "Kearnan, Daniel"]
[Result "0-1"]
[BlackElo "1780"]
[EventDate "2016.06.04"]
[WhiteElo "1646"]

1.e4 Nf6 2.Nc3 d5 3.exd5 Nxd5 4.Nxd5 Qxd5 5.Nf3 Bf5 6.Be2 e5 7.d3 Nc6 8.Be3
Bb4+ 9.c3 Be7 10.O-O O-O-O 11.d4 e4 12.Nd2 Qd7 13.b4 Bd6 14.a4 h5 15.Nc4 h4
16.Nxd6+ Qxd6 17.h3 g5 18.Bg4 Qe6 19.Bxf5 Qxf5 20.f3 exf3 21.Qxf3 Qxf3
22.Rxf3 Rhg8 23.Rxf7 g4 24.hxg4 Rxg4 25.Rf4 Rg3 26.Rf3 Rdg8 27.Rxg3 Rxg3
28.Kf2 Ne7 29.Rh1 Kd7 30.Rxh4 Rxe3 31.Kxe3 Nf5+ 32.Kf4 Nxh4 33.g4 Ke6 34.g5
Ng6+ 35.Ke4 c6 36.c4 Ne7 37.b5 Kd6 38.c5+ Ke6 39.bxc6 bxc6 40.Kd3 Kf5 41.Kc4
a5 42.d5 Nxd5 43.Kd4 Kxg5 44.Ke5 Nb4 45.Kd6 Kf5 46.Kc7 Ke5 47.Kb6 Kd5 48.Kxa5
Nd3 49.Kb6 Nxc5 50.Ka5 Nxa4 51.Kxa4 Kc4 52.Ka3 Kc3 53.Ka2 Kc2 54.Ka1 c5
55.Ka2 c4 56.Ka1 c3 57.Ka2 Kd2 0-1

[Event "TORO 2016 (B)"]
[Site "Gatineau"]
[Date "2016.06.04"]
[Round "3"]
[White "Fei, David"]
[Black "Van Dusen, Eric"]
[Result "1-0"]
[BlackElo "1675"]
[EventDate "2016.06.04"]
[WhiteElo "1888"]

1.e4 e6 2.d4 d5 3.Nd2 Be7 4.Ngf3 Nf6 5.e5 Nfd7 6.Bd3 b6 7.O-O Ba6 8.c4 c5
9.Re1 Qc8 10.Bb1 cxd4 11.cxd5 exd5 12.e6 fxe6 13.Rxe6 Nc5 14.Rxe7+ Kxe7
15.Nxd4 g6 16.b4 Ne6 17.b5 Nxd4 18.bxa6 Re8 19.Ba3+ Kf7 20.Bd3 Nbc6 21.Nb3
Nxb3 22.Qxb3 Qe6 23.Bb5 Kg8 24.Qc3 Rac8 25.Bb2 d4 26.Qd3 Qe1+ 27.Qf1 Qxf1+
28.Kxf1 Red8 29.Bc4+ Kg7 30.Be6 Rc7 31.Rc1 Rd6 32.Bg4 Rf7 33.Bf3 Ne5 34.Be4
Nd7 35.Rd1 Kg8 36.Bc2 Nc5 37.Ba3 Rfd7 38.Bb3+ Kg7 39.Bc4 Rd8 40.f3 d3 41.Rd2
Kf8 42.Bb2 Ke7 43.Be5 R6d7 44.Bf4 Rc8 45.Bg5+ Kf8 46.Bh6+ Ke7 47.Rd1 Rd4
48.Bg5+ Kd6 49.Bb5 Rb4 50.a4 Kd5 51.Rc1 Rf8 52.Bd2 Rb2 53.Bc4+ Kd6 54.Bh6 Rf5
55.Rd1 Nxa4 56.Rxd3+ Kc5 57.Be6 Re5 58.Be3+ Kb4 59.Bg8 Re8 60.Bxh7 { Time }
1-0

[Event "TORO 2016 (B)"]
[Site "Gatineau"]
[Date "2016.06.04"]
[Round "3"]
[White "Ju, Lawrence"]
[Black "Bigras, Jean"]
[Result "1/2-1/2"]
[BlackElo "1732"]
[EventDate "2016.06.04"]
[WhiteElo "1672"]

1.d4 d5 2.c4 e6 3.Nc3 Nf6 4.Nf3 Be7 5.Qc2 Nbd7 6.Bf4 c6 7.h3 O-O 8.Rc1 Re8
9.e3 a6 10.a4 c5 11.dxc5 dxc4 12.Bxc4 Bxc5 13.O-O Ba7 14.Rfd1 Bb8 15.Bg5 h6
16.Bxf6 Qxf6 17.Ne4 Qe7 18.Bd3 Ne5 19.Be2 Bd7 20.Nc5 Bc6 21.Nd4 Ba7 22.Nxc6
Nxc6 23.Rd7 Qxc5 24.Qxc5 Bxc5 25.Rxc5 Re7 26.Rxe7 Nxe7 27.Rc7 Nd5 28.Rxb7 a5
29.Bf3 Ra6 30.Bxd5 exd5 31.Rb5 d4 32.exd4 Rd6 33.Rxa5 Rxd4 34.Ra8+ Kh7 35.a5
Rb4 36.a6 Rxb2 37.a7 Ra2 38.Kh2 Ra3 39.f3 h5 40.Kg3 Ra4 41.Kf2 g6 42.Ke3 Kg7
43.Kd3 Ra1 44.Kc4 Ra6 45.Kb5 Ra1 46.Kb6 Rb1+ 47.Kc6 Ra1 48.Kd5 Ra5+ 49.Ke4
Ra4+ 50.Ke5 Ra5+ 51.Kf4 Ra4+ 52.Kg3 Kh7 53.Kh2 Ra2 54.h4 Kg7 55.Kh3 Ra3 56.g4
Rxf3+ 57.Kg2 Ra3 1/2-1/2

[Event "TORO 2016 (B)"]
[Site "Gatineau"]
[Date "2016.06.04"]
[Round "3"]
[White "Laszlo, Robert"]
[Black "Gan, David"]
[Result "1-0"]
[BlackElo "1661"]
[EventDate "2016.06.04"]
[WhiteElo "1860"]

1.e4 c5 2.Nf3 d6 3.d4 cxd4 4.Nxd4 Nf6 5.Nc3 g6 6.Be2 Bg7 7.Be3 Nc6 8.O-O O-O
9.Nb3 Bd7 10.f4 Rc8 11.Bf3 a5 12.Na4 Nb4 13.Bb6 Qe8 14.Nc3 a4 15.Nd4 e5
16.Nde2 Qe7 17.a3 Na6 18.Rc1 Bh6 19.Be3 Nc5 20.Qd2 Bc6 21.fxe5 Bxe3+ 22.Qxe3
Qxe5 23.Ng3 Rfe8 24.Rce1 b6 25.Qd2 Ne6 26.Qf2 Qd4 27.Re3 Ng5 28.Rd1 Qc5
29.Red3 Qxf2+ 30.Kxf2 Nfxe4+ 31.Ngxe4 Nxe4+ 32.Bxe4 Bxe4 33.Rxd6 Bxc2 34.R1d2
Bb3 35.Rxb6 Rcd8 36.Rbd6 Rxd6 37.Rxd6 Rb8 38.Rd4 Kg7 39.Rb4 Rxb4 40.axb4 Kf6
41.Ke3 Ke5 42.g3 h5 43.b5 Kd6 44.Kd4 f6 45.Ne4+ Ke7 46.Nxf6 $3 Bd1 47.Nd5+
Kd6 48.Nc3 Bc2 49.Kc4 Kc7 50.Kc5 Bb3 51.b6+ Kb7 52.Nb5 Bd1 53.Nd6+ Kb8 54.Nf7
Kb7 55.Ne5 Bc2 56.Nc4 Bb1 57.Kb4 Ba2 58.Ne5 Bb1 59.Kxa4 Kxb6 60.Kb4 Bc2
61.Kc3 Be4 62.Kd4 Bf5 63.Nf3 Kc6 64.Ke5 Bc2 65.Kf6 Kb5 66.Nd4+ 1-0

[Event "TORO 2016 (B)"]
[Site "Gatineau"]
[Date "2016.06.04"]
[Round "3"]
[White "Girard, Sylvain"]
[Black "Forgues, Éric"]
[Result "1/2-1/2"]
[BlackElo "1540"]
[EventDate "2016.06.04"]
[WhiteElo "1684"]

1.Nf3 d5 2.c4 Nf6 3.d4 c6 4.Nc3 e6 5.Bg5 Be7 6.Qc2 h6 7.Bf4 Nbd7 8.Rd1 Bb4
9.a3 Bxc3+ 10.Qxc3 O-O 11.h3 Ne4 12.Qc2 b6 13.cxd5 cxd5 14.e3 Bb7 15.Bd3 Rc8
16.Qe2 Ndf6 17.O-O Nd6 18.Bxd6 Qxd6 19.Ba6 Bxa6 20.Qxa6 Rc7 21.Ne5 Nd7 22.Nd3
Rfc8 23.Rc1 Rxc1 24.Nxc1 Rc7 25.Ne2 Nb8 26.Qd3 a6 27.Qd2 b5 28.Rc1 Rxc1+
29.Qxc1 Qc6 30.Qxc6 Nxc6 1/2-1/2

[Event "TORO 2016 (B)"]
[Site "Gatineau"]
[Date "2016.06.04"]
[Round "3"]
[White "Séguin, Hubert"]
[Black "Tsanaclis, Albert"]
[Result "0-1"]
[BlackElo "1598"]
[EventDate "2016.06.04"]
[WhiteElo "1646"]

1.e4 c5 2.Nc3 Nc6 3.g3 g6 4.Bg2 Bg7 5.d3 Nf6 6.f4 d6 7.Nf3 e5 8.O-O exf4
9.gxf4 Bg4 10.h3 Bh5 11.Ne2 Qc8 12.Kh2 O-O 13.Ng3 Qc7 14.f5 d5 15.Qe1 Rae8
16.Kh1 dxe4 17.dxe4 Bxf3 18.Bxf3 Nd4 19.Qf2 Nxc2 20.Rb1 Nb4 21.Be3 Nd3 22.Qg2
Rd8 23.b3 Rfe8 24.Be2 Rd7 25.h4 Nd5 26.Bd2 N5f4 27.Bxf4 Nxf4 28.Qf3 Nxe2
29.Nxe2 Rd2 30.f6 Bxf6 31.Qe3 Bc3 32.Rbc1 Qe5 33.Rxc3 Rxe2 34.Qxe2 Qxc3
35.Qf2 Qh3+ 36.Kg1 Qg4+ 37.Kh2 f5 38.exf5 Re2 0-1

[Event "TORO 2016 (B)"]
[Site "Gatineau"]
[Date "2016.06.04"]
[Round "3"]
[White "Montreuil, Carl"]
[Black "Bolduc, Olivier"]
[Result "1-0"]
[BlackElo "1441"]
[EventDate "2016.06.04"]
[WhiteElo "1593"]

1.e4 c5 2.Bc4 Nc6 3.Nf3 e6 4.O-O Nf6 5.d3 Be7 6.c3 d5 7.exd5 exd5 8.Bb3 Bg4
9.Nbd2 O-O 10.Qc2 Rc8 11.a3 Na5 12.Ba2 c4 13.d4 b5 14.Ne5 Nb7 15.h3 Be6
16.Ndf3 Nd6 17.Nh2 Nfe4 18.Qd1 Nf6 19.Bf4 a5 20.Bb1 Qb6 21.Bg5 h6 22.Bxf6
Bxf6 23.Nhg4 Bxg4 24.Qxg4 Bxe5 25.dxe5 Nb7 26.Bf5 Rc7 27.Rad1 Rd8 28.Rfe1 Re7
29.e6 fxe6 30.Qg6 Qd6 31.Qh7+ Kf7 32.Qg6+ Kf8 33.Bxe6 Qf4 34.Re3 Rxe6 35.Qxe6
1-0

[Event "TORO 2016 (B)"]
[Site "Gatineau"]
[Date "2016.06.04"]
[Round "3"]
[White "Poirier, Alexis"]
[Black "Piché, Guy"]
[Result "0-1"]
[BlackElo "1872"]
[EventDate "2016.06.04"]
[WhiteElo "1599"]

1.e4 d6 2.d4 Nf6 3.Nc3 Nbd7 4.Be3 e5 5.Nf3 Be7 6.Bc4 c6 7.a4 O-O 8.Qe2 Qc7
9.O-O b6 10.d5 Bb7 11.Rfd1 a6 12.dxc6 Qxc6 13.Nd5 Nxd5 14.Bxd5 Qc7 15.Qd2 Nf6
16.Bxb7 Qxb7 17.Qb4 Rab8 18.Ra3 Nxe4 19.Rad3 d5 20.Qb3 d4 21.Bxd4 exd4
22.Rxd4 Nc5 23.Qe3 Bf6 24.Rb4 Rfe8 25.Qf4 a5 26.Rb5 Re4 27.Qd6 Ree8 28.Nd4
Rbd8 29.Qxc5 bxc5 30.Rxb7 Rxd4 31.Ra1 Rb4 32.Rb5 Bxb2 33.Rxb4 0-1

[Event "TORO 2016 (B)"]
[Site "Gatineau"]
[Date "2016.06.04"]
[Round "3"]
[White "Langer, Herb"]
[Black "Bourassa, Louis"]
[Result "1-0"]
[BlackElo "1533"]
[EventDate "2016.06.04"]
[WhiteElo "1713"]

1.c4 f5 2.g3 Nf6 3.Bg2 e6 4.Nc3 c6 5.d3 d5 6.Nf3 Bd6 7.O-O O-O 8.Qc2 Bd7
9.Bg5 h6 10.Bd2 Be8 11.cxd5 exd5 12.e4 fxe4 13.dxe4 Bg6 14.Nh4 Bh7 15.Qb3 Qb6
16.Qxb6 axb6 17.exd5 Bd3 18.Rfe1 c5 19.Re6 Bc7 20.d6 Bd8 21.Bxb7 Ra7 22.Bg2
Nbd7 23.a3 Bc4 24.Re3 Ng4 25.Re4 Nge5 26.f4 Bd3 27.Rxe5 Nxe5 28.fxe5 Bxh4
29.gxh4 Bc4 30.Nd5 Kh8 31.e6 1-0

[Event "TORO 2016 (B)"]
[Site "Gatineau"]
[Date "2016.06.04"]
[Round "3"]
[White "Brûlé, Daniel"]
[Black "Laflèche, Alain"]
[Result "0-1"]
[BlackElo "1719"]
[EventDate "2016.06.04"]
[WhiteElo "1544"]

1.e4 e5 2.f4 d5 3.d3 dxe4 4.Nc3 Bb4 5.Bd2 Nc6 6.fxe5 Qd4 7.Nxe4 Bxd2+ 8.Nxd2
Qxb2 9.Ngf3 Nxe5 10.Be2 Nf6 11.O-O Neg4 12.Nc4 Qb5 13.Rb1 Qa6 14.h3 b5
15.Nce5 Nxe5 16.Nxe5 Be6 17.Bf3 Rd8 18.Bc6+ Bd7 19.Nxd7 Qxc6 20.Nxf6+ gxf6
21.Re1+ Kf8 22.Qh5 h6 23.Re2 Rd5 24.Qf3 Qc5+ 25.Kh1 Qd6 26.Rbe1 a6 27.Re8+
Kg7 28.h4 Rd4 29.R8e4 h5 30.R1e3 Rh6 31.Qf5 c5 32.Qc8 Rh8 33.Qh3 Rxe4 34.Rxe4
Rh6 35.g4 Qd5 36.Qg3 Rg6 37.Kh2 Qxa2 38.g5 fxg5 39.hxg5 Qd5 40.c4 bxc4 41.Qg2
Kh7 42.Rxc4 Qxg5 43.Qf2 Rf6 44.Qe2 Qd5 45.Qe3 Re6 46.Qf2 Qe5+ 47.Rf4 Rf6
48.Kg3 Qg5+ 0-1

[Event "TORO 2016 (B)"]
[Site "Gatineau"]
[Date "2016.06.04"]
[Round "3"]
[White "Balazadeh, Kamal"]
[Black "Villeneuve, Luc"]
[Result "0-1"]
[BlackElo "1765"]
[EventDate "2016.06.04"]
[WhiteElo "1822"]

1.e4 Nc6 2.d4 e5 3.d5 Nce7 4.c4 Nf6 5.Nc3 Ng6 6.a3 Bc5 7.Bg5 h6 8.Bxf6 Qxf6
9.Qf3 Qb6 10.b4 Bd4 11.Nge2 c5 12.Nxd4 cxd4 13.c5 Qd8 14.Nb5 O-O 15.Bc4 b6
16.O-O Ba6 17.a4 bxc5 18.bxc5 Qa5 19.Rfc1 Rac8 20.Qa3 Bxb5 21.Bxb5 Rc7 22.d6
Rb7 23.c6 dxc6 24.Rxc6 Nf4 25.g3 Ne6 26.Qd3 Rfb8 27.Rac1 Qd8 28.Ba6 Rb3
29.Qxb3 Rxb3 30.Rc8 Rc3 31.Rxd8+ Nxd8 32.Rxc3 dxc3 33.Bd3 Kf8 34.Kf1 Nc6
35.Ke2 Nd4+ 36.Kd1 Ke8 37.f4 f6 38.Bb5+ Kd8 39.fxe5 fxe5 40.Kc1 a5 41.Kd1 g5
42.g4 Nf3 43.h3 Ng1 44.Bf1 Kd7 45.Kc2 Kxd6 46.Kxc3 Kc5 47.Kd3 Nf3 48.Kc3 Nd4
49.Bd3 Ne6 50.Bb5 Nd4 51.Bf1 Nf3 52.Bb5 Ne1 53.Be2 Ng2 54.Bb5 Ne3 55.Be2 Kb6
56.Kd2 Ng2 57.Kc3 Nf4 58.Bf1 Kc5 59.Kd2 Kd4 60.Kc2 Kxe4 61.Kc3 Nd5+ 62.Kd2
Kf3 { Et le blancs abandonnèrent au 72e coup. } 0-1

[Event "TORO 2016 (B)"]
[Site "Gatineau"]
[Date "2016.06.05"]
[Round "4"]
[White "Jobin, Gilles G."]
[Black "Scantland, Patrick"]
[Result "1-0"]
[BlackElo "1831"]
[EventDate "2016.06.05"]
[WhiteElo "1759"]

1.e4 e5 2.Nf3 Nc6 3.Nc3 Nf6 4.d4 exd4 5.Nxd4 Bb4 6.Bg5 $6 ( 6.Nxc6
{ est le coup du livre. Il ne faut pas craindre } 6...Bxc3+ ( 6...bxc6 7.Bd3
d5 ( 7...d6 $6 8.O-O Ng4 9.h3 Ne5 10.Na4 Nxd3 11.Qxd3 Bb7 12.c4 O-O 13.Bf4
$14 ) ) 7.bxc3 dxc6 8.Qxd8+ Kxd8 9.Bg5 h6 10.O-O-O+ Ke7 11.Bh4 g5 12.Bg3 Be6
13.f3 { où les deux fous compensent amplement le pions doublés. } ) 6...Qe7
( 6...h6 7.Be3 Nxe4 8.Qg4 Nxc3 9.Qxg7 Nd5+ 10.c3 Rf8 11.cxb4 Nxe3 12.fxe3 Qe7
13.Kf2 Qxb4 $10
{ selon Stockfish, mais la position m'apparaît très complexe. } 14.Nb5 Qa5
15.b4 Nxb4 16.Qe5+ Kd8 17.Qf6+ Ke8 18.Qc3 c6 ( 18...Kd8 19.Rc1 Nc6 20.Qxa5
Nxa5 21.Nxc7 ) 19.Qe5+ ) 7.f3 Bxc3+ 8.bxc3 a6 9.Nxc6 dxc6 10.Qd4 Be6 11.e5
Rd8 12.exf6 Rxd4 13.fxe7 Rd5 14.Bf4 Kxe7 15.Bc4 Rc5 16.Bxe6 Kxe6 17.O-O-O Kf5
18.Bxc7 Rxc3 19.Rhe1 f6 20.Rd7 Rg8 21.Ree7 Kg6 22.Rd8 Rxd8 23.Bxd8 b5 24.Kb2
Rc4 25.Bb6 f5 26.Rd7 h5 27.Rd4 1-0

[Event "TORO 2016 (B)"]
[Site "Gatineau"]
[Date "2016.06.05"]
[Round "4"]
[White "Relyea, F Alexander"]
[Black "Langer, Herb"]
[Result "1/2-1/2"]
[BlackElo "1713"]
[EventDate "2016.06.05"]
[WhiteElo "1800"]

1.e4 e6 2.d4 d5 3.Nc3 Bb4 4.e5 c5 5.a3 Bxc3+ 6.bxc3 c4 7.Qg4 Kf8 8.Nf3 Nc6
9.Be2 f5 10.Qh3 Nge7 11.O-O Bd7 12.Ng5 Ng6 13.Bh5 Nce7 14.Rb1 Rb8 15.Re1 h6
16.Bxg6 Nxg6 17.Qh5 Qe8 18.Nh3 Ne7 19.Nf4 Qxh5 20.Nxh5 Kf7 21.Re3 Bc6 22.Rg3
g6 23.Nf6 Ng8 24.Nxg8 Rbxg8 25.h4 Rh7 26.Bf4 Ke8 27.Re1 Kd7 28.Rb1 Kc7 29.Kf1
Ba4 30.Rb2 1/2-1/2

[Event "TORO 2016 (B)"]
[Site "Gatineau"]
[Date "2016.06.05"]
[Round "4"]
[White "Kearnan, Daniel"]
[Black "Orozco, Joey"]
[Result "0-1"]
[BlackElo "1721"]
[EventDate "2016.06.05"]
[WhiteElo "1780"]

1.c4 Nf6 2.g3 g6 3.Bg2 c6 4.Nc3 d5 5.cxd5 cxd5 6.d4 Bg7 7.Bf4 O-O 8.Nf3 Nc6
9.Ne5 Qb6 10.Nxc6 bxc6 11.O-O Qxb2 12.Na4 Qb4 13.Rb1 Qa5 14.Qb3 Bf5 15.Rbc1
Rfc8 16.Rc5 Qa6 17.Rfc1 Nd7 18.e3 Nxc5 19.Rxc5 Qd3 20.Nc3 Qd2 21.Bf1 Qe1
22.Kg2 Bh3+ 23.Kxh3 Qxf1+ 24.Kg4 Qg2 25.h4 h5+ 26.Kg5 Kh7 27.Qb7 0-1

[Event "TORO 2016 (B)"]
[Site "Gatineau"]
[Date "2016.06.05"]
[Round "4"]
[White "Balazadeh, Kamal"]
[Black "Bernatchez, Lucas"]
[Result "1-0"]
[BlackElo "1646"]
[EventDate "2016.06.05"]
[WhiteElo "1822"]

1.e4 Nf6 2.e5 Nd5 3.d4 d6 4.Nf3 Bg4 5.h3 Bh5 6.c4 Nb6 7.exd6 exd6 8.Nc3 Nc6
9.Be3 Be7 10.Be2 Bxf3 11.Bxf3 O-O 12.Qb3 Na5 13.Qb5 Nbxc4 14.O-O c6 15.Qh5
Nxb2 16.Be4 g6 17.Qe2 Nbc4 18.Bh6 Re8 19.Qg4 d5 20.Bd3 Bf8 21.Bg5 Qc8 22.Qh4
Bg7 23.Bh6 Nd6 24.Bxg7 Kxg7 25.g4 Nac4 26.Rfe1 Nd2 27.Qg3 Qd7 28.Re3 N2c4
29.Rf3 Ne4 30.Bxe4 dxe4 31.Rf4 Qxd4 32.Rd1 Qe5 33.Rd7 Rf8 34.Rxb7 Qd6 35.Nxe4
Qd1+ 36.Kh2 Qc2 37.Ng5 Ne5 38.Ne6+ Kg8 39.Nxf8 Rxf8 40.Rxa7 c5 41.Qb3 Qd2
42.Qe3 Qxe3 43.fxe3 Nd3 44.Rc4 Re8 45.e4 Nf2 46.Rxc5 Nxe4 47.Rcc7 Nd6 48.Rd7
Nb5 49.Rab7 Nc3 50.Rxf7 Re2+ 51.Kg1 Rxa2 52.Rg7+ Kh8 53.Rxh7+ Kg8 54.Rbg7+
Kf8 55.Rc7 Ne2+ 56.Kf2 Nd4+ 57.Ke3 Ne6 58.Rh8# 1-0

[Event "TORO 2016 (B)"]
[Site "Gatineau"]
[Date "2016.06.05"]
[Round "4"]
[White "Tsanaclis, Albert"]
[Black "Laszlo, Robert"]
[Result "1-0"]
[BlackElo "1860"]
[EventDate "2016.06.05"]
[WhiteElo "1598"]

1.e4 c6 2.d4 d5 3.Nc3 dxe4 4.Nxe4 Bf5 5.Ng3 Bg6 6.Nf3 Nd7 7.Bd3 Bxd3 8.Qxd3
Ngf6 9.O-O e6 10.Bf4 Qb6 11.c3 Nd5 12.Bg5 h6 13.Bd2 O-O-O 14.c4 Nb4 15.Qb3
Na6 16.Qxb6 axb6 17.a4 Bb4 18.Bc3 Bxc3 19.bxc3 Kc7 20.Rfb1 Rhe8 21.a5 bxa5
22.Rxa5 f6 23.Ra2 e5 24.Rab2 Rb8 25.Nf5 exd4 26.cxd4 Rg8 27.Ne7 Rge8 28.Nf5
Rg8 29.N3h4 g5 30.Nxh6 Rge8 31.N4f5 b5 32.cxb5 Rxb5 33.Rxb5 cxb5 34.Rc1+ Kb6
35.Nd6 Rb8 36.Nhf5 b4 37.Nc4+ Ka7 38.Na5 Kb6 39.Nb3 Re8 40.Ne3 Kb5 41.Ra1 Kb6
42.Nc4+ Ka7 43.Kf1 Rc8 44.Nbd2 Nb6 45.Na5 Rc2 46.Ndb3 Nd5 47.Ke1 Nf4 48.g3
Nd3+ 49.Kd1 Rxf2 50.Nd2 Rxh2 51.Kc2 Nf2 52.Kb3 Nd3 53.Nac4 Kb7 54.Ne4 Nc7
55.Nxf6 Rg2 56.Nd6+ Kc6 57.Nfe4 Ne6 58.Kc4 Nc7 59.Kxd3 b3 60.Rb1 Rxg3+
61.Nxg3 1-0

[Event "TORO 2016 (B)"]
[Site "Gatineau"]
[Date "2016.06.05"]
[Round "4"]
[White "Bolduc, Olivier"]
[Black "Poirier, Alexis"]
[Result "1-0"]
[BlackElo "1599"]
[EventDate "2016.06.05"]
[WhiteElo "1441"]

1.d4 Nf6 2.Bg5 Ne4 3.Bf4 d5 4.Nf3 Nc6 5.e3 Bg4 6.Be2 e6 7.Nbd2 Be7 8.O-O O-O
9.Rc1 Na5 10.c4 Nxd2 11.Nxd2 Bxe2 12.Qxe2 c6 13.a3 dxc4 14.Nxc4 Nxc4 15.Rxc4
Qb6 16.Rfc1 Rfd8 17.R4c2 Rd5 18.Qg4 h5 19.Qg3 h4 20.Qg4 f5 21.Qg6 Bf6 22.h3
Qd8 23.Qh5 Qe8 24.Qe2 g5 25.Bh2 Qg6 26.Rc5 g4 27.hxg4 fxg4 28.Rxd5 exd5
29.Be5 Bxe5 30.dxe5 Qe4 31.Qc2 Qxc2 32.Rxc2 Re8 33.f4 gxf3 34.gxf3 Rxe5
35.Rg2+ Kh7 36.Kf2 b5 37.b4 Kh6 38.f4 Re4 39.Kf3 Kh5 40.Rg5+ Kh6 41.Rg4 Kh5
42.Rg7 h3 43.Rh7+ Kg6 44.Rxh3 Rc4 45.Kg4 Rc3 46.f5+ Kg7 47.Kg5 d4 48.f6+ Kg8
49.Kg6 Rxe3 50.f7+ Kf8 51.Rh8+ Ke7 52.f8=Q+ Ke6 53.Qf7+ Kd6 54.Rd8+ Ke5
55.Qf6+ Ke4 56.Qf5# 1-0

[Event "TORO 2016 (B)"]
[Site "Gatineau"]
[Date "2016.06.05"]
[Round "4"]
[White "Bigras, Jean"]
[Black "Xu, Daniel"]
[Result "1/2-1/2"]
[BlackElo "1646"]
[EventDate "2016.06.05"]
[WhiteElo "1732"]

1.e4 e5 2.Nc3 Nf6 3.Bc4 Bc5 4.d3 h6 5.f4 d6 6.f5 Nc6 7.Na4 Bxg1 8.Rxg1 a6
9.Nc3 b5 10.Bb3 Bb7 11.Be3 Na5 12.g4 Nxb3 13.axb3 d5 14.exd5 Nxd5 15.Qd2 Nxe3
16.Qxe3 Qd4 17.Qxd4 exd4 18.Ne4 Bxe4 19.dxe4 f6 20.Kd2 O-O 21.h4 Kf7 22.b4
Rfc8 23.Ra5 c5 24.Rga1 cxb4 25.Rxa6 Rxa6 26.Rxa6 Rc5 27.Ra7+ Kg8 28.Rd7 Rc4
29.Rb7 Rc5 30.Rd7 Rc4 1/2-1/2

[Event "TORO 2016 (B)"]
[Site "Gatineau"]
[Date "2016.06.05"]
[Round "4"]
[White "Piché, Guy"]
[Black "Gan, David"]
[Result "0-1"]
[BlackElo "1661"]
[EventDate "2016.06.05"]
[WhiteElo "1872"]

1.f4 d5 2.e3 Nf6 3.Nf3 g6 4.b3 Bg7 5.Bb2 O-O 6.Be2 Nc6 7.O-O Bf5 8.a3 Qd7
9.Bb5 Bg4 10.d3 a6 11.Bxc6 Qxc6 12.Nbd2 Qb6 13.Re1 Rad8 14.Kh1 Bxf3 15.Nxf3
c5 16.Qe2 Rfe8 17.Ne5 Qc7 18.Rab1 Nd7 19.Nxd7 Bxb2 20.Rxb2 Qxd7 21.d4 Rc8
22.c3 cxd4 23.cxd4 Rc3 24.e4 Qc7 25.e5 Qb6 26.Qd1 Rec8 27.Rb1 Rc2 28.h3 R8c3
29.Kh2 Qb5 30.a4 Qd7 31.Re2 Qf5 32.Rxc2 Rxc2 33.Qf3 e6 34.Re1 Rd2 35.Rc1 Rxd4
36.g3 Qd3 37.Rc3 Qd2+ 38.Kg1 Qe1+ 0-1

[Event "TORO 2016 (B)"]
[Site "Gatineau"]
[Date "2016.06.05"]
[Round "4"]
[White "Montreuil, Carl"]
[Black "Girard, Sylvain"]
[Result "1-0"]
[BlackElo "1684"]
[EventDate "2016.06.05"]
[WhiteElo "1593"]

1.e4 Nf6 2.e5 Nd5 3.Nf3 d6 4.c4 Nb6 5.d4 Bg4 6.Qd3 Nc6 7.a3 e6 8.d5 Nxe5
9.Nxe5 dxe5 10.Qe4 Bf5 11.Qxe5 Nd7 12.Qg3 Nf6 13.Nc3 a6 14.Be2 Qd7 15.Bf4 Rc8
16.O-O Bd6 17.Bxd6 cxd6 18.Qxg7 Ke7 19.dxe6 Bxe6 20.Nd5+ Nxd5 21.cxd5 Bf5
22.Qg5+ Kf8 23.Qh6+ Ke7 24.Bh5 Kd8 25.Qf6+ Kc7 26.Rac1+ Kb8 27.Rxc8+ Rxc8
28.Re1 Bg6 29.Bf3 Qd8 30.Qd4 Qg5 31.h4 Qd8 32.b4 Rc7 33.g3 Qc8 34.Kg2 Rc4
35.Qf6 Qd7 36.Re7 Qc8 37.Qxd6+ Ka8 38.Qb6 Bd3 39.d6 Bf1+ 40.Kg1 Rc6 41.Bxc6
1-0

[Event "TORO 2016 (B)"]
[Site "Gatineau"]
[Date "2016.06.05"]
[Round "4"]
[White "Forgues, Éric"]
[Black "Ju, Lawrence"]
[Result "1/2-1/2"]
[BlackElo "1672"]
[EventDate "2016.06.05"]
[WhiteElo "1540"]

1.e4 c5 2.Nf3 Nc6 3.Bc4 e6 4.Nc3 Nge7 5.a3 g6 6.d3 Bg7 7.Bd2 O-O 8.O-O d5
9.exd5 exd5 10.Ba2 Be6 11.Qc1 Nf5 12.Ne2 Qb6 13.c3 Rfe8 14.Ng5 Rad8 15.Nxe6
Rxe6 16.Nf4 Red6 17.Re1 Na5 18.Qc2 d4 19.Rab1 Qc7 20.c4 Nc6 21.b4 b6 22.Re2
Nce7 23.Rbe1 g5 24.Nh5 h6 25.Qd1 Qc6 26.Rxe7 Nxe7 27.Rxe7 R6d7 28.Re1 Rd6
29.f4 gxf4 30.Nxf4 Re8 31.Nd5 Rxe1+ 32.Qxe1 Qd7 33.Bb3 Re6 34.Qf2 Kh8 35.Bd1
Qb7 36.b5 Re5 37.Bf3 Qd7 38.Bf4 Re8 39.Kf1 Qf5 40.Qd2 Qg6 41.Be4 f5 42.Bf3
Be5 43.h3 Bxf4 44.Qxf4 Qe6 45.Qd2 Qg6 46.a4 Kg7 47.Qf4 Qe6 48.Kg1 Qe1+ 49.Kh2
Qe5 50.Kg3 Qe1+ 51.Kh2 Qe5 52.Kg3 1/2-1/2

[Event "TORO 2016 (B)"]
[Site "Gatineau"]
[Date "2016.06.05"]
[Round "4"]
[White "Lafleche, Alain"]
[Black "Mcleod, Jack"]
[Result "0-1"]
[BlackElo "1655"]
[EventDate "2016.06.05"]
[WhiteElo "1719"]

1.e4 c6 2.d4 d5 3.Nc3 dxe4 4.Nxe4 Bf5 5.Ng3 Bg6 6.Nf3 Nd7 7.Bc4 e6 8.O-O Ngf6
9.Re1 Be7 10.c3 O-O 11.Qb3 Nb6 12.Bxe6 Bd6 13.Bf5 Bxg3 14.Bxg6 Bxf2+ 15.Kxf2
hxg6 16.Bg5 Qd6 17.Re2 c5 18.Bxf6 gxf6 19.Rae1 c4 20.Qc2 Nd5 21.g3 b5 22.Re4
Rac8 23.Qd2 Kg7 24.Rh4 Rh8 25.Ree4 b4 26.Rxh8 Rxh8 27.Qc2 bxc3 28.bxc3 Qa3
29.Re2 Qxc3 30.Qxc3 Nxc3 31.Rc2 Ne4+ 32.Ke3 Nd6 33.d5 Nf5+ 34.Kf4 Rd8 35.g4
Nd6 36.h4 Re8 37.Nd2 Re2 38.Kf3 Rh2 39.Kg3 Rxd2 40.Rxd2 Ne4+ 41.Kf4 Nxd2
42.d6 Kf8 43.Ke3 c3 44.h5 Nc4+ 45.Kd3 Nxd6 46.Kxc3 gxh5 47.gxh5 Kg7 48.Kb4 f5
49.Kc5 f4 50.Kd4 Kh6 0-1

[Event "TORO 2016 (B)"]
[Site "Gatineau"]
[Date "2016.06.05"]
[Round "4"]
[White "Villeneuve, Luc"]
[Black "Brûlé, Daniel"]
[Result "0-1"]
[BlackElo "1544"]
[EventDate "2016.06.05"]
[WhiteElo "1765"]

1.Nf3 d5 2.c4 c6 3.Qc2 Nf6 4.b3 e6 5.Bb2 Bd6 6.c5 Bc7 7.d4 Bd7 8.Nbd2 O-O
9.e3 b6 10.Bd3 bxc5 11.dxc5 a5 12.g4 Na6 13.a3 Qe7 14.g5 Ne4 15.Bxe4 dxe4
16.Nxe4 e5 17.Rg1 Kh8 18.Nh4 Be6 19.Rd1 Rfd8 20.Rd6 Bxd6 21.cxd6 Rxd6 22.Bxe5
Rd5 23.Bf6 Qxa3 24.Ke2 Qb4 25.Bxg7+ Kxg7 26.Qb2+ Kg8 27.Nf6+ Kf8 28.Nxd5 Qb5+
29.Ke1 cxd5 30.Qh8+ Ke7 31.Qf6+ Kd7 32.Nf3 Nc5 33.Ne5+ Kc8 34.Qh8+ Kb7
35.Qxh7 Rc8 36.f4 Ne4 37.Nc4 Rxc4 38.bxc4 Qxc4 39.Rg2 Qc1+ 40.Ke2 Qc2+ 41.Ke1
Qxg2 42.Qh4 Bg4 0-1

[Event "TORO 2016 (B)"]
[Site "Gatineau"]
[Date "2016.06.05"]
[Round "4"]
[White "Van Dusen, Eric"]
[Black "Bourassa, Louis"]
[Result "1-0"]
[BlackElo "1533"]
[EventDate "2016.06.05"]
[WhiteElo "1675"]

1.d4 e6 2.Nf3 f5 3.d5 Nf6 4.Nc3 Bb4 5.dxe6 Bxc3+ 6.bxc3 dxe6 7.Qxd8+ Kxd8
8.Bg5 Nd7 9.O-O-O Ke7 10.e3 h6 11.Bf4 Nd5 12.Kb2 Nxf4 13.exf4 b6 14.Bc4 Bb7
15.Nd4 Nc5 16.Rde1 Bc8 17.Nxf5+ Kf6 18.Nd4 Bd7 19.Re3 b5 20.Bb3 Nxb3 21.cxb3
a6 22.Rhe1 Rhe8 23.g3 Rad8 24.Kc2 c5 25.Nf3 Bc8 26.Re5 Bb7 27.Nd2 c4 28.bxc4
bxc4 29.Nxc4 Bd5 30.Ne3 Bc6 31.c4 Rd4 32.Kc3 Red8 33.Nd5+ Bxd5 34.Kxd4 Bf3+
35.Kc3 Rd6 36.R1e3 Bh5 37.c5 1-0